000 00542nam a2200169 i 4500
001 37768
003 ES-MaACL
005 20230906155635.0
007 t|
008 030221s1927 sp ||||1| spa d
100 1 _aCaballero Rodríguez, Juan.
_933119
245 1 3 _aLa moral y el éxito en las profesiones
_b: reflexiones ético-pedagógicas de un maestro jubilado /
_cJuan Caballero Rodríguez.
260 _aBarcelona :
_bNúñez y Cª,
_c1927.
300 _a222 p. ;
_c21 cm.
852 _aES-MaACL
_jF-6235
852 _aES-MaACL
_jF-10183
999 _c37768
_d37768